| 000 | 00367cam a22001337a 4500 | ||
|---|---|---|---|
| 008 | 180718b2012 xxu||||| |||| 00| 0 eng d | ||
| 020 | _a9788171395248 | ||
| 082 | _aT2x54 C394 | ||
| 100 | _aChauhan, R.K. | ||
| 245 |
_aCorporate governance in India _cby R.K.Chauhan |
||
| 260 |
_aNew Delhi _bJnanada _c2012 |
||
| 300 | _a287p. | ||
| 650 | _aCorporate governance -- India | ||
| 999 |
_c443207 _d443207 |
||